000 00777nam a2200205Ia 4500
003 Ost
005 20260507075643.0
008 260507s9999||||xx |||||||||||||| ||und||
040 _cfsecg
041 _aara
082 _a343.096
100 _aديودار، هاني
_eمؤلف
245 0 _aالوجيز في القانون البحري /
_c هاني ديودار
260 _aالإسكندرية:
_bدار الجامعة الجديدة,
_c2004
300 _a389 صفحة؛
_bإيضاحات ؛
_c24 سم
520 _aالسفينة، التامينات البحرية، الإستغلال التجاري البحري، عوارض الملاحة البحرية
653 _aالقانون البحري
653 _aالملاحة البحرية
942 _cكتاب
999 _c45446
_d45446